Cycle de Krebs - Statistiques

Statistiques générales
  • Ce quiz a été pris 123 fois
  • Le résultat moyen est 7 sur 12
Statistiques - réponses
Hint Réponse % Correct
1er Citrate
85%
2e Isocitrate
77%
6e Fumarate
70%
7e Malate
70%
5e Succinate
66%
4e Succinyl Coa
66%
Début 2 Acétyl-Coa
64%
3e Alpha cétoglutarate
55%
Enzyme 1ere Citrate synthase
55%
7e enzyme Malate déshydrogénase
49%
4e enzyme Alpha cétoglutarate déshydrogénase
38%
Début Oxaloacétate (4C)
23%
Aucun quiz correspondant
Distribution des résultats
% des personnes avec chaque résultat
Percentile par nombre de réponses
Votre historique - résultats
Vous n’avez pas pris ce quiz